Framing : el encuadre de las noticias : el binomio terrorismo-medios /
保存先:
| 第一著者: | |
|---|---|
| その他の著者: | , |
| フォーマット: | 図書 |
| 言語: | スペイン語 |
| 出版事項: |
Buenos Aires, Argentina :
La Crujía,
2008, c2008
|
| シリーズ: | (Inclusiones. Categorías)
|
| 主題: | |
| タグ: |
タグなし, このレコードへの初めてのタグを付けませんか!
|
MARC
| LEADER | 00000nam^a2200000^a^4500 | ||
|---|---|---|---|
| 001 | 000303762 | ||
| 005 | 20250521000000.0 | ||
| 008 | 100920 20082008 | ||
| 009 | 20260310112658.365 | ||
| 020 | |a 978-987-601-028-3 | ||
| 037 | |a Acervo ITESO - Biblioteca | ||
| 041 | |a ESP | ||
| 082 | |a 302. 23011 |b SAD | ||
| 100 | |a Sádaba, Teresa |e (autor) | ||
| 245 | 1 | 0 | |a Framing : |b el encuadre de las noticias : el binomio terrorismo-medios / |c T. Sádaba ; presen. de E. López-Escobar, M. McCombs. |
| 264 | 4 | |a Buenos Aires, Argentina : |b La Crujía, |c 2008, c2008 | |
| 300 | |a 251 p. | ||
| 336 | |a texto |b txt |2 rdacontenido | ||
| 337 | |a sin mediación |b n |2 rdamedio | ||
| 338 | |a volumen |b nc |2 rdasoporte | ||
| 440 | 1 | |a (Inclusiones. |p Categorías) | |
| 521 | |a 2012 BO Licenciatura en Periodismo y Comunicación Pública | ||
| 649 | |a XX | ||
| 650 | |a Noticia - |x Teoría | ||
| 650 | |a Opinión Pública | ||
| 650 | |a Recepción y Apropiación de la Comunicación - |x Tema Principal | ||
| 650 | |a Medios de Comunicación | ||
| 650 | |a Comunicación Masiva - |x Teoría | ||
| 650 | |a Sociología de la Comunicación | ||
| 700 | |a López-Escobar, Esteban |e (presentación) | ||
| 700 | |a McCombs, Maxwell |e (presentación) | ||
| 910 | |a Fondo General | ||
| 920 | |a Impresos - Libros | ||
| 930 | |a Colección General | ||
| 905 | |a 101 | ||
| 901 | |a 0500190383 |b IT1 |c ACC |i C116232 |u 20250521 | ||
| 901 | |a 0500219568 |b IT1 |c ACC |i C136283 |u 20250521 | ||
| 902 | |a https://opac.biblio.iteso.mx/vufind/Record/000303762 | ||